| 000 | 00000nam##2200000za#4500 |
| 001 | 9.571564 |
| 003 | CaOODSP |
| 005 | 20211126112844 |
| 007 | cr ||||||||||| |
| 008 | 150406|2000||||xxc|||||o f|0| 0 eng|d |
| 022 | |a1701-9397 |
| 040 | |aCaOODSP|beng |
| 043 | |an-cn--- |
| 086 | 1 |aFB3-2/100-8E-PDF |
| 110 | 2 |aBank of Canada. |
| 245 | 10|aTesting the pricing-to-market hypothesis : |h[electronic resource]|bcase of the transportation equipment industry / |cby Lynda Khalaf and Maral Kichian. |
| 260 | |aOttawa - Ontario : |bBank of Canada |cMay 2000. |
| 300 | |a35p.|breferences, tables |
| 490 | 1 |aBank of Canada working paper|x1701-9397|v2000-8 |
| 500 | |a"This paper is concerned with the application of a size-correct test, which is immune to poor instruments, to a partial-equilibrium model of pricing-to-market (PTM). Pricing-to-market theory was advanced by Krugman (1987) as a possible explanation for the empirical observation that important movements in the bilateral nominal exchange rate between two countries that trade are not necessarily fully reflected in the price of imports."--Introduction. |
| 500 | |aThe ISBN (0-662-28959-5) and ISSN (1192-5434) for the print edition have been incorrectly copied in this electronic publication. |
| 520 | 3 |aThis paper is concerned with the application of a size-correct test, which is immune to poor instruments, to a partial-equilibrium model of pricing-to-market (PTM). Pricing-to-market theory was advanced by Krugman (1987) as a possible explanation for the empirical observation that important movements in the bilateral nominal exchange rate between two countries that trade are not necessarily fully reflected in the price of imports.--Introduction |
| 546 | |aRésumé en français. |
| 590 | |a11-19-Supp|b2011-09-23 |
| 690 | 07|aExchange rates|2gcpds |
| 690 | 07|aImports|2gcpds |
| 690 | 07|aExports|2gcpds |
| 690 | 07|aPrices|2gcpds |
| 720 | 1 |aKichian, Maral |
| 720 | 1 |aKhalaf, Lynda |
| 776 | 0#|tTesting the pricing-to-market hypothesis : |w(CaOODSP)9.615188 |
| 830 | #0|aWorking paper (Bank of Canada)|x1701-9397|v2000-8|w(CaOODSP)9.504604 |
| 856 | 40|ahttp://publications.gc.ca|qPDF|s163 KB|uhttps://publications.gc.ca/collections/Collection/FB3-2-100-8E.pdf|y2000-8 |